Born in... 1960 Quiz Stats

 Plays Quiz Updated Apr 12, 2015

Also try: Born in... 1970
Challenge
Share
Tweet
Score 0/18 Timer 06:00
0 Plays Today
Personality % Correct
Bono
96.2%
Sean Penn
87.2%
Hugh Grant
84.9%
Antonio Banderas
76.3%
Julianne Moore
62.4%
David Duchovny
61.7%
Kathy Griffin
56.7%
Daryl Hannah
53.8%
Jane Lynch
51%
Personality % Correct
Jean-Claude Van Damme
50.9%
James Spader
47.6%
John Elway, Jr
47.2%
Stanley Tucci
43.2%
Prince Andrew
39.6%
Valerie Bertinelli
37.5%
Kenneth Branagh
33.1%
Jennifer Grey
29.9%
Brad Garrett
29.4%

You're not logged in!

Compare scores with friends on all Sporcle quizzes.
Join for Free
OR
Log In

You Might Also Like...

Show Comments

Extras

Top Quizzes Today


Score Distribution

Your Account Isn't Verified!

In order to create a playlist on Sporcle, you need to verify the email address you used during registration. Go to your Sporcle Settings to finish the process.

Report this User

Report this user for behavior that violates our Community Guidelines.

Details: